Mining Universities Relationship Based on Their Combined Research Papers / (Record no. 540888)
[ view plain ]
| 000 -LEADER | |
|---|---|
| fixed length control field | 00465nam a22001577a 4500 |
| 003 - CONTROL NUMBER IDENTIFIER | |
| control field | NUST |
| 038 ## - RECORD CONTENT LICENSOR | |
| Staff Name | saima |
| 082 ## - DEWEY DECIMAL CLASSIFICATION NUMBER | |
| Classification number | 004 |
| Author Mark | MCS |
| 100 ## - MAIN ENTRY--PERSONAL NAME | |
| Personal name | Saleem, Ozair |
| 9 (RLIN) | 35165 |
| 245 ## - TITLE STATEMENT | |
| Title | Mining Universities Relationship Based on Their Combined Research Papers / |
| 260 ## - PUBLICATION, DISTRIBUTION, ETC. | |
| Place of publication, distribution, etc. | Islamabad : |
| Name of publisher, distributor, etc. | MSC - NUST, |
| Date of publication, distribution, etc. | 2013 |
| 300 ## - PHYSICAL DESCRIPTION | |
| Extent | 83 p. ; |
| Dimensions | 30cm. |
| 650 ## - SUBJECT ADDED ENTRY--TOPICAL TERM | |
| Topical term or geographic name entry element | Soft Engineering-Mining Universities Relationship |
| 9 (RLIN) | 35166 |
| 700 ## - ADDED ENTRY--PERSONAL NAME | |
| Personal name | Dr. Seemab Latif |
| 9 (RLIN) | 27094 |
| 942 ## - ADDED ENTRY ELEMENTS (KOHA) | |
| Source of classification or shelving scheme | |
| Koha item type | Thesis |
| Withdrawn status | Lost status | Source of classification or shelving scheme | Damaged status | Not for loan | Permanent Location | Current Location | Date acquired | Total Checkouts | Full call number | Barcode | Date last seen | Price effective from | Koha item type | Shelving location |
|---|---|---|---|---|---|---|---|---|---|---|---|---|---|---|
| Central Library (CL) | Central Library (CL) | 11/11/2020 | 004 MCS | CL-T-1250 | 11/11/2020 | 11/11/2020 | Thesis | |||||||
| Central Library (CL) | Central Library (CL) | 11/19/2020 | 004 MCS | CL-T-1404 | 11/19/2020 | 11/19/2020 | Thesis | Thesis |
